| 000 | 00000nam 2200000za 4500 |
| 001 | 9.654704 |
| 003 | CaOODSP |
| 005 | 20210330144636 |
| 007 | ta |
| 008 | 150407s1991 xxc||||| f|0| 0 fre d |
| 020 | |a0-662-58499-6 |
| 040 | |aCaOODSP|bfre |
| 041 | |aeng |
| 041 | |afre |
| 043 | |an-cn--- |
| 086 | 1 |aBT74-1/8-1991 |
| 245 | 00|aFonction publique 2000: rapport du Groupe de travail sur la formation et le perfectionnement: deuxième rapport |
| 260 | |aOttawa - Ontario : |bSecrétariat du Conseil du Trésor du Canada. |c1991. |
| 300 | |aTexte français, 62, 10p. ; |c28 cm. |
| 500 | |aPrésident: Daniel Bevis Dewar. |
| 546 | |aBilingue |
| 563 | |aCouverture souple |
| 710 | 2 |aFonction publique 2000 (Canada).|bGroupe de travail sur la formation et le perfectionnement. |
| 710 | 1 |aCanada. |bConseil du trésor. |
| 720 | 1 |aDewar, Daniel Bevis |
| 791 | |tPublic Service 2000: Task Force on Staff Training and Development: second report |eeng|w(CaOODSP)9.654703 |